| 000 | 00733nam a2200193Ia 4500 | ||
|---|---|---|---|
| 003 | GCL | ||
| 008 | 140319s9999 xx 000 0 ara d | ||
| 040 |
_aGCL / _cGCL |
||
| 082 | 0 | 4 |
_a910.31812 _bز أ |
| 100 | 1 | _aزين الدين عبد المقصود | |
| 245 | 1 | 0 |
_aنصف الكرة الغربى (الامريكى) دراسة فى الجغرافيا الاقليمية / _cزين الدين عبد المقصود |
| 260 |
_a[S.N] : _bمنشاة المعارف ، _c1975 |
||
| 300 | _a437 ص | ||
| 490 |
_aسلسلة الكتب الجغرافية _v0 |
||
| 650 | 0 | 4 | _aالولايات المتحدة الامريكية |
| 650 | 0 | 4 | _aامريكا الجنوبية |
| 650 | 0 | 4 | _aامريكا الشمالية |
| 942 |
_2ddc _cBK |
||
| 999 |
_c35903 _d35903 |
||